| 000 | 01494cam a2200361 4500 | ||
|---|---|---|---|
| 001 | 22 | ||
| 003 | BD-RjUL | ||
| 005 | 20211208233108.0 | ||
| 008 | 131120r20071969enk b 001 0 eng | ||
| 020 | _a9780521096263 (pbk.) | ||
| 020 | _a052109626X | ||
| 020 | _a978-0-521-07184-0 | ||
| 020 | _a9780521071840(hbk.) | ||
| 035 |
_a(OCoLC)10501 _a(BD-RjUL)24 |
||
| 040 |
_aDLC _cDLC _dBD-RjUL _beng |
||
| 041 | _aeng | ||
| 082 | 0 | 4 |
_a401.45 _223 _bSES 2007 |
| 100 | 1 |
_aSearle, John R. _966 |
|
| 245 | 1 | 0 |
_aSpeech acts : an essay in the philosophy of language / _cJohn R. Searle. |
| 260 |
_aLondon : _bCambridge U. P., _cc1969. [printing 1996, 2007] |
||
| 300 |
_avii, 203 p. ; _c23 cm. |
||
| 504 | _aIncludes bibliographical references. | ||
| 505 |
_aMethods and scope -- Expressions, meaning and speech acts -- The structure of illocutionary acts -- Reference as a speech act -- Predication -- Three fallacies in contemporary philosophy -- Deriving "ought" from "is." _tTable of Content |
||
| 526 | _bLanguage | ||
| 650 | 0 |
_aSpeech acts (Linguistics) _967 |
|
| 650 | 0 |
_aSemantics (Philosophy) _968 |
|
| 856 | 4 | 2 |
_3Publisher description _uhttp://www.loc.gov/catdir/description/cam041/68024484.html |
| 856 | 4 | 2 |
_3Table of contents _uhttp://www.loc.gov/catdir/toc/cam025/68024484.html |
| 856 | 4 | 2 |
_3WorldCat _uhttp:w.worldcat.org/title/speech-acts-an-essay-in-the-philosophy-of-language/oclc/10501&referer=brief_results//ww |
| 942 |
_2ddc _cBK |
||
| 999 |
_c22 _d22 |
||